[Event "104th ch-GBR 2017"]
[Site "Llandudno WLS"]
[Date "2017.07.30"]
[Round "2.16"]
[White "Wells, Peter K"]
[Black "Horton, Jamie A"]
[Result "1-0"]
[WhiteTitle "GM"]
[WhiteElo "2434"]
[BlackElo "2178"]
[WhiteFideId "400327"]
[BlackFideId "421472"]
[EventDate "2017.07.29"]

1. e4 c6 2. d4 d5 3. e5 Bf5 4. Nf3 e6 5. Be2 Nd7 6. O-O h6 7. b3 Ne7 8. c4 Ng6
9. Na3 Nf4 10. Bxf4 Bxa3 11. Bd3 Bxd3 12. Qxd3 Be7 13. Rac1 O-O 14. Qd2 Kh7 15.
cxd5 cxd5 16. Rc3 Bb4 17. Qd3+ Kg8 18. Rc2 a6 19. Bd2 Bxd2 20. Qxd2 Rc8 21. Rfc1
Rxc2 22. Qxc2 Nb6 23. Qc5 Qc8 24. Ne1 Qxc5 25. Rxc5 Rc8 26. Nd3 a5 27. a4 Rc6
28. Rxc6 bxc6 29. Nc5 Kf8 30. Nb7 Nd7 31. Kf1 f6 32. exf6 gxf6 33. Nd8 Ke7 34.
Nxc6+ Kd6 35. Nxa5 Kc7 36. Ke2 e5 37. Ke3 Kb6 38. b4 Nb8 39. dxe5 fxe5 40. f4
exf4+ 41. Kd4 Na6 42. Nc6 1-0

[Event "104th ch-GBR 2017"]
[Site "Llandudno WLS"]
[Date "2017.07.30"]
[Round "2.17"]
[White "Jones, Steven A"]
[Black "Merry, Alan B"]
[Result "1-0"]
[BlackTitle "IM"]
[WhiteElo "2171"]
[BlackElo "2427"]
[WhiteFideId "419630"]
[BlackFideId "418811"]
[EventDate "2017.07.29"]

1. e4 g6 2. d4 Bg7 3. Nc3 c6 4. Nf3 d6 5. h3 Nf6 6. a4 O-O 7. Be3 Qc7 8. Be2
Nbd7 9. O-O b6 10. Qd2 Rd8 11. Rfd1 Bb7 12. Nh2 a6 13. Bf3 b5 14. axb5 cxb5 15.
e5 Bxf3 16. exf6 Bxd1 17. fxg7 Bxc2 18. Nd5 Qb7 19. Nxe7+ Kxg7 20. Bh6+ Kh8 21.
Qxc2 Re8 22. Qc6 Qxc6 23. Nxc6 Re2 24. b3 f6 25. Bf4 Nb6 26. Kf1 Re6 27. Bd2 Nd5
28. Nb4 Nb6 29. Rxa6 Rxa6 30. Nxa6 Nd5 31. Nb4 Nxb4 32. Bxb4 Kg7 33. Ng4 Re4 34.
Bxd6 Rxd4 35. Bc5 Rd3 36. b4 Kf7 37. Ke2 Rb3 38. Ne3 Ke6 39. Nc2 Kd5 40. Nd4
Rb2+ 41. Ke3 Kc4 42. g3 Rb1 43. Nc6 Re1+ 44. Kf4 Kd5 45. Na7 Kc4 46. Nc8 Kd5 47.
Nd6 Kc6 48. Ne4 f5 49. Nd6 Re7 50. Kg5 Rd7 51. h4 Rd8 52. Kh6 Rd7 53. Nc8 Rb7
54. Ne7+ Kd7 55. Kxh7 Rc7 56. Nd5 Rxc5 57. bxc5 Kc6 58. Nb4+ Kxc5 59. Kxg6 Kxb4
60. h5 1-0

[Event "104th ch-GBR 2017"]
[Site "Llandudno WLS"]
[Date "2017.07.30"]
[Round "2.18"]
[White "Palliser, Richard J D"]
[Black "Anilkumar, Anantha P"]
[Result "1-0"]
[WhiteTitle "IM"]
[WhiteElo "2408"]
[BlackElo "1932"]
[WhiteFideId "407372"]
[BlackFideId "424730"]
[EventDate "2017.07.29"]

1. c4 c5 2. Nc3 Nc6 3. Nf3 g6 4. e3 Bg7 5. d4 cxd4 6. exd4 d6 7. d5 Ne5 8. Nxe5
Bxe5 9. Be2 Bg7 10. Be3 Nf6 11. O-O O-O 12. Rc1 a6 13. Re1 Nd7 14. b4 b6 15. Bf1
Bb7 16. Bd4 Bxd4 17. Qxd4 Rc8 18. Re3 Ne5 19. Rce1 Re8 20. Qf4 f5 21. Qd4 Qc7
22. Qh4 e6 23. f4 Nxc4 24. Rxe6 Rxe6 25. Rxe6 Qd8 26. Re7 1-0

[Event "104th ch-GBR 2017"]
[Site "Llandudno WLS"]
[Date "2017.07.30"]
[Round "2.19"]
[White "Abrahams, Daniel"]
[Black "Houska, Jovanka"]
[Result "1/2-1/2"]
[BlackTitle "IM"]
[WhiteElo "2162"]
[BlackElo "2402"]
[WhiteFideId "2606879"]
[BlackFideId "405094"]
[EventDate "2017.07.29"]

1. c4 c6 2. Nf3 d5 3. d4 Nf6 4. Nc3 a6 5. Bf4 dxc4 6. a4 Nd5 7. Bg3 e6 8. e4
Nxc3 9. bxc3 b5 10. Be2 Be7 11. O-O O-O 12. Qc2 Nd7 13. Rfd1 Bb7 14. Qb2 Qc8 15.
Rab1 Ra7 16. d5 exd5 17. exd5 cxd5 18. axb5 axb5 19. Qxb5 Nc5 20. Nd4 Ne4 21.
Qb2 Bc6 22. Nxc6 Qxc6 23. Be5 Bc5 24. Bd4 h6 25. Bf3 Rfa8 26. Bxe4 dxe4 27. Qe2
Bxd4 28. Rxd4 Ra1 29. Qe1 Rxb1 30. Qxb1 Qb5 31. Qf1 Qb2 32. Rxe4 Ra1 33. Re1 Ra2
34. Rc1 Qd2 35. h3 Qf4 36. Rd1 Rc2 37. Rd4 Qg5 38. h4 Qe5 39. Rxc4 Re2 40. Rc5
Qe4 41. Kh2 Qxh4+ 42. Kg1 Qe4 43. Kh2 g6 44. g3 Kg7 45. Rb5 h5 46. Rb4 Qe5 47.
Rf4 f6 48. Qd1 g5 49. Qd7+ Kg6 50. Qd3+ Kg7 51. Rf5 Qe6 52. c4 h4 53. gxh4 Re4
54. Qd5 Rxh4+ 55. Kg3 Qxd5 56. Rxd5 Rxc4 57. f3 Rc2 58. Ra5 Kg6 59. Ra6 Re2 60.
Rb6 Rd2 61. Ra6 Kf7 62. Rb6 Re2 63. f4 Re3+ 64. Kf2 gxf4 65. Rb4 Kg6 66. Rxf4
Ra3 67. Rb4 Kg5 68. Rc4 f5 69. Rb4 Ra2+ 70. Kf3 Ra3+ 71. Kf2 Ra2+ 72. Kf3 Ra1
73. Kf2 f4 74. Rb8 1/2-1/2

[Event "104th ch-GBR 2017"]
[Site "Llandudno WLS"]
[Date "2017.07.30"]
[Round "2.20"]
[White "McPhillips, Joseph"]
[Black "Fathallah, Joe"]
[Result "1-0"]
[WhiteTitle "FM"]
[WhiteElo "2400"]
[BlackElo "1919"]
[WhiteFideId "422487"]
[BlackFideId "1801899"]
[EventDate "2017.07.29"]

1. e4 e6 2. d3 d5 3. Nd2 Nf6 4. Ngf3 Be7 5. g3 c5 6. Bg2 Nc6 7. O-O O-O 8. Re1
a5 9. e5 Nd7 10. Nf1 f6 11. exf6 Bxf6 12. Ne3 Nde5 13. Nxe5 Nxe5 14. f4 Ng6 15.
Ng4 Bd7 16. c3 Re8 17. h4 d4 18. c4 Rb8 19. h5 Ne7 20. Ne5 Qc7 21. Nxd7 Qxd7 22.
g4 Bh4 23. Re5 Nc6 24. Bxc6 Qxc6 25. g5 h6 26. Qg4 hxg5 27. fxg5 Bf2+ 28. Kxf2
Qh1 29. Bf4 Qxa1 30. Re1 Qxb2+ 31. Re2 Qb1 32. Bxb8 Rxb8 33. Qxe6+ Kh8 34. g6
Rg8 35. Qxg8+ Kxg8 36. Re8# 1-0

[Event "104th ch-GBR 2017"]
[Site "Llandudno WLS"]
[Date "2017.07.30"]
[Round "2.21"]
[White "Arkell, Nicholas D"]
[Black "Eggleston, David J"]
[Result "0-1"]
[BlackTitle "IM"]
[WhiteElo "1998"]
[BlackElo "2394"]
[WhiteFideId "434159"]
[BlackFideId "412120"]
[EventDate "2017.07.29"]

1. d4 Nf6 2. Nf3 b6 3. Bf4 Bb7 4. Nbd2 g6 5. e3 Bg7 6. Be2 d6 7. h3 Nbd7 8. O-O
O-O 9. a4 a5 10. Qb1 e5 11. dxe5 dxe5 12. Bh2 Qe7 13. Qa2 Ne8 14. Rfd1 Nd6 15.
Qa3 Nc5 16. Ne1 f5 17. Nd3 Nxd3 18. cxd3 f4 19. e4 Kh8 20. Rac1 c5 21. Qb3 Qc7
22. Nf3 Bc6 23. Ne1 Rab8 24. Bg4 Qe7 25. Ra1 Rfe8 26. Rdc1 Ba8 27. Qc3 c4 28.
Bd1 Qa7 29. Kh1 b5 30. Bg1 b4 31. Qd2 Rbd8 32. f3 Qa6 33. d4 exd4 34. Qxf4 c3
35. bxc3 dxc3 36. Bc2 Nc4 37. Nd3 Nd2 38. Nc5 Qc4 39. Qe3 b3 40. Bd3 Qb4 0-1

[Event "104th ch-GBR 2017"]
[Site "Llandudno WLS"]
[Date "2017.07.30"]
[Round "2.23"]
[White "Fitzsimons, David"]
[Black "Munshi, Aditya"]
[Result "1-0"]
[WhiteTitle "FM"]
[WhiteElo "2352"]
[BlackElo "1901"]
[WhiteFideId "2501961"]
[BlackFideId "436720"]
[EventDate "2017.07.29"]

1. e4 c6 2. d4 d5 3. exd5 cxd5 4. Bf4 Nf6 5. c3 Nc6 6. Nd2 g6 7. Be2 Bg7 8. Ngf3
O-O 9. h3 Qb6 10. Qb3 Qxb3 11. axb3 Re8 12. O-O Nd7 13. b4 e5 14. dxe5 Ndxe5 15.
b5 Nxf3+ 16. Bxf3 Ne7 17. Be3 Bd7 18. Bxa7 Bxb5 19. Rfe1 Bc6 20. g3 g5 21. Be3
Rxa1 22. Rxa1 h6 23. Ra5 f5 24. Bg2 f4 25. Bd4 Bxd4 26. cxd4 Ng6 27. Kf1 Rd8 28.
Ke1 Kf7 29. Kd1 Ke6 30. Nf3 Kd6 31. Bf1 Re8 32. b4 b6 33. Ra7 Re7 34. Ra6 Kc7
35. Bd3 Re6 36. Ra7+ Kd6 37. b5 Be8 38. Rb7 Nf8 39. Ne5 Re7 40. Rxb6+ Kc7 41.
Rxh6 Ne6 42. Nf3 Kb7 43. Kd2 Ka7 44. Bf5 Ng7 45. b6+ Kb7 46. Nxg5 1-0

[Event "104th ch-GBR 2017"]
[Site "Llandudno WLS"]
[Date "2017.07.30"]
[Round "2.24"]
[White "Arkell, Keith C"]
[Black "Waddington, Mike P"]
[Result "1-0"]
[WhiteTitle "GM"]
[BlackTitle "FM"]
[WhiteElo "2424"]
[BlackElo "2070"]
[WhiteFideId "400270"]
[BlackFideId "410497"]
[EventDate "2017.07.29"]

1. d4 f5 2. g3 Nf6 3. Bg2 g6 4. Nf3 Bg7 5. O-O O-O 6. b4 d6 7. Bb2 a5 8. b5 h6
9. c4 g5 10. e3 Ne4 11. Nbd2 Nxd2 12. Qxd2 Nd7 13. d5 Bxb2 14. Qxb2 Nc5 15. Nd4
a4 16. f4 Qe8 17. Qc2 Qh5 18. Rf2 Bd7 19. Raf1 g4 20. e4 fxe4 21. Bxe4 Rf6 22.
Re2 Re8 23. Rfe1 Kg7 24. Qc3 Kf8 25. Bc2 b6 26. f5 Qg5 27. Rf2 Kg8 28. Ref1 Ref8
29. Rf4 h5 30. h3 gxh3 31. Kh2 Kf7 32. Qf3 Rg8 33. Bd1 Rh8 34. Rf2 h4 35. g4
Rhh6 36. Bc2 Rh8 37. Qe3 Ke8 38. Nf3 Qg8 39. Re2 Rf7 40. g5 Kd8 41. g6 Rg7 42.
Ng5 Rh5 43. Ne6+ Nxe6 44. dxe6 Bc8 45. Qf3 Rh8 46. Be4 c5 47. Bb7 Kc7 48. Qc6+
Kb8 49. Bxc8 Qxc8 50. Qxb6+ Qb7 51. Qxb7+ Kxb7 52. Kxh3 Rf8 53. Kg4 Kb6 54. Kg5
d5 55. cxd5 1-0

[Event "104th ch-GBR 2017"]
[Site "Llandudno WLS"]
[Date "2017.07.30"]
[Round "2.25"]
[White "Jina, Taran"]
[Black "Hunt, Adam C"]
[Result "1/2-1/2"]
[BlackTitle "IM"]
[WhiteElo "1777"]
[BlackElo "2424"]
[WhiteFideId "426369"]
[BlackFideId "403970"]
[EventDate "2017.07.29"]

1. Nf3 Nf6 2. g3 g6 3. Bg2 Bg7 4. c4 d6 5. d4 O-O 6. Nc3 Nc6 7. O-O Rb8 8. Qc2
a6 9. Rd1 Bd7 10. e4 b5 11. e5 Ne8 12. cxb5 axb5 13. Bf4 Qc8 14. Rac1 Qa6 15. b3
b4 16. Ne4 Na7 17. h4 Bf5 18. h5 Nb5 19. h6 Bh8 20. Nfg5 Nxd4 21. Rxd4 dxe5 22.
Bxe5 Bxe5 23. Rd5 Bf6 24. Qd2 Bxg5 25. Nxg5 Qf6 26. Rd4 e5 27. Rc6 Qe7 28. Rdc4
Rd8 29. Qc1 Bd3 30. R4c5 e4 31. Qb2 f5 32. Ne6 Rd7 33. Nxf8 Qxf8 34. Qe5 Re7 35.
Qf4 Qf7 36. Bf1 1/2-1/2

[Event "104th ch-GBR 2017"]
[Site "Llandudno WLS"]
[Date "2017.07.30"]
[Round "2.26"]
[White "Arakhamia-Grant, Ketevan"]
[Black "Ashworth, Michael"]
[Result "1-0"]
[WhiteTitle "GM"]
[WhiteElo "2364"]
[BlackElo "1946"]
[WhiteFideId "13600168"]
[BlackFideId "425044"]
[EventDate "2017.07.29"]

1. e4 c5 2. Nc3 Nc6 3. g3 g6 4. Bg2 Bg7 5. d3 Nf6 6. f4 d6 7. Nf3 O-O 8. O-O Bd7
9. h3 Rb8 10. g4 b5 11. f5 b4 12. Ne2 c4 13. Ng3 cxd3 14. cxd3 Qb6+ 15. Kh1 Rfc8
16. Bf4 Ne8 17. Qd2 Nd4 18. Be3 Nxf3 19. Bxf3 Bd4 20. Bxd4 Qxd4 21. Ne2 Qb6 22.
Nf4 e6 23. Bd1 d5 24. fxe6 fxe6 25. Bb3 Nc7 26. Nh5 Ne8 27. Qf4 Qd6 28. Qf7+ Kh8
29. Qf8+ 1-0

[Event "104th ch-GBR 2017"]
[Site "Llandudno WLS"]
[Date "2017.07.30"]
[Round "2.27"]
[White "Willmoth, Robert F"]
[Black "Pleasants, Allan J"]
[Result "1/2-1/2"]
[WhiteTitle "CM"]
[WhiteElo "2211"]
[BlackElo "2103"]
[WhiteFideId "402540"]
[BlackFideId "411337"]
[EventDate "2017.07.29"]

1. Nf3 Nf6 2. d4 g6 3. g3 Bg7 4. Bg2 O-O 5. O-O d6 6. Nbd2 Nc6 7. e4 e5 8. dxe5
Nxe5 9. Nxe5 dxe5 10. h3 Be6 11. Qe2 Re8 12. Rd1 Nd7 13. b3 Qe7 14. Nc4 f6 15.
Ba3 Qf7 16. Ne3 Bf8 17. Bxf8 Nxf8 18. Rd2 Rad8 19. Rad1 Rxd2 20. Qxd2 Re7 21.
Qa5 a6 22. c4 c6 23. f4 exf4 24. gxf4 Rd7 25. Re1 Qe7 26. f5 Bf7 27. Ng4 h5 28.
Nh6+ Kg7 29. Nxf7 Qxf7 30. fxg6 Nxg6 31. Qxh5 Rd2 32. Qg4 Qe7 33. Rf1 Qe5 34. h4
Rd3 35. h5 Rg3 36. Qd7+ Ne7 37. Rf3 Rg5 38. h6+ Kxh6 39. Rh3+ Kg7 40. Qd1 Qc5+
41. Kh1 Qf2 42. Rh2 Qf4 43. Rh3 Qf2 44. Rh2 1/2-1/2

[Event "104th ch-GBR 2017"]
[Site "Llandudno WLS"]
[Date "2017.07.30"]
[Round "2.28"]
[White "Shaw, Peter"]
[Black "Taylor, Adam A"]
[Result "1-0"]
[WhiteElo "2103"]
[BlackElo "2165"]
[WhiteFideId "411361"]
[BlackFideId "415790"]
[EventDate "2017.07.29"]

1. d4 Nf6 2. c4 e6 3. Nf3 Bb4+ 4. Nbd2 O-O 5. a3 Be7 6. e4 d5 7. e5 Ne4 8. Qc2
f5 9. exf6 Nxf6 10. Bd3 a5 11. b3 Bd7 12. Ng5 h6 13. Bh7+ Kh8 14. h4 Qc8 15.
Ndf3 Be8 16. Ne5 Nc6 17. Bb2 Nxe5 18. dxe5 Ne4 19. Nxe4 dxe4 20. Bxe4 Rf4 21.
Qe2 Bh5 22. Qe3 Qf8 23. Bc1 Rd8 24. Bd2 Rxh4 25. Rxh4 Bxh4 26. Bxa5 Qxa3 27. Qc3
Qa2 28. Bc2 Rd1+ 29. Rxd1 Bxf2+ 30. Kf1 Bxd1 31. Bxd1 Bc5 32. Qd2 Qb1 33. Bc3
Qf5+ 34. Bf3 Bb6 35. b4 c6 36. c5 Bc7 37. Qd4 Qb1+ 38. Kf2 Qc1 39. Bd2 Qc2 40.
Be4 1-0

[Event "104th ch-GBR 2017"]
[Site "Llandudno WLS"]
[Date "2017.07.30"]
[Round "2.29"]
[White "Willow, Jonah B"]
[Black "Wall, Tim P"]
[Result "1-0"]
[BlackTitle "FM"]
[WhiteElo "2077"]
[BlackElo "2242"]
[WhiteFideId "438804"]
[BlackFideId "401641"]
[EventDate "2017.07.29"]

1. Nc3 d6 2. e4 Nf6 3. d4 e5 4. dxe5 dxe5 5. Qxd8+ Kxd8 6. Bg5 Be6 7. O-O-O+ Nd7
8. Nf3 Bd6 9. Bb5 Kc8 10. Bxf6 gxf6 11. Bxd7+ Kxd7 12. Nd5 Bxd5 13. Rxd5 Rhg8
14. g3 Rg4 15. Re1 Ke6 16. h3 Rgg8 17. Nh4 a5 18. Nf5 Rg5 19. Red1 Rxf5 20.
exf5+ Kxf5 21. Kd2 Ke6 22. Ke3 b6 23. g4 h5 24. Ke4 hxg4 25. hxg4 Rh8 26. Kf3
Bc5 27. Rd8 Rh3+ 28. Kg2 Rh4 29. Re8+ Be7 30. Kg3 Rh6 31. f4 1-0

[Event "104th ch-GBR 2017"]
[Site "Llandudno WLS"]
[Date "2017.07.30"]
[Round "2.30"]
[White "Grant, Jonathan I M"]
[Black "Longson, Sarah N"]
[Result "1/2-1/2"]
[BlackTitle "WFM"]
[WhiteElo "2187"]
[BlackElo "2074"]
[WhiteFideId "2400294"]
[BlackFideId "2501465"]
[EventDate "2017.07.29"]

1. c4 e6 2. Nc3 d5 3. d4 c6 4. e4 dxe4 5. Nxe4 Bb4+ 6. Nc3 Nf6 7. Nf3 O-O 8. Bd3
c5 9. O-O cxd4 10. Nxd4 Bxc3 11. bxc3 e5 12. Nb5 Bg4 13. Be2 Qxd1 14. Bxd1 Nc6
15. f3 Bf5 16. Be2 Rfd8 17. Be3 Bd3 18. Kf2 Bxe2 19. Kxe2 b6 20. Rfd1 Rac8 21.
Rab1 h6 22. c5 bxc5 23. Bxc5 Nd5 24. c4 Nf4+ 25. Kf1 Nd3 26. Bxa7 Nxa7 27. Nxa7
Rxc4 28. a4 Ra8 29. Nb5 Nf4 30. g3 Ne6 31. a5 Rxa5 32. Nd6 Rd4 33. Rb8+ Kh7 34.
Rxd4 Nxd4 35. Nxf7 Nxf3 36. h4 Kg6 37. Rf8 e4 38. g4 Nh2+ 39. Kg2 Nxg4 40. Nd6
Re5 41. Rf4 Nf6 42. Kf2 e3+ 43. Ke2 h5 44. Nc4 Re7 45. Rd4 Ng4 46. Rd5 Rc7 47.
Rd6+ Kh7 48. Rd4 Ra7 49. Nxe3 Re7 50. Rd3 Re6 51. Kd2 Ne5 52. Rd5 g6 53. Ng2
Nf3+ 54. Kd3 Kg7 55. Rd8 Ne5+ 56. Kd2 Nf3+ 57. Kd3 Kf7 58. Ra8 Ne5+ 59. Ke4 Nc6+
60. Kf4 Ne7 61. Ra7 Kf6 62. Ne3 Rc6 63. Rb7 Ra6 64. Rb4 Rd6 65. Ra4 Ng8 66. Ra8
Rd4+ 67. Kg3 Ne7 68. Re8 Kf7 69. Ra8 Re4 70. Ra3 Kf6 71. Ng2 Nf5+ 72. Kh3 Re6
73. Rd3 Ra6 74. Rb3 Ra1 75. Rb6+ Kf7 76. Kh2 Ra4 77. Kh3 Rg4 78. Ra6 Ke7 79. Rb6
Kd7 80. Ra6 Nd6 81. Rb6 Ne4 82. Ra6 Nf2+ 83. Kh2 Nd3 84. Kh3 Nf2+ 85. Kh2 Ne4
86. Kh3 Nd6 87. Rb6 Ke6 88. Ra6 Ke5 89. Ra5+ Ke6 90. Ra6 Ke5 1/2-1/2

[Event "104th ch-GBR 2017"]
[Site "Llandudno WLS"]
[Date "2017.07.30"]
[Round "2.31"]
[White "Kalavannan, Koby"]
[Black "Verma, Aditya"]
[Result "1-0"]
[WhiteElo "2175"]
[BlackElo "2071"]
[WhiteFideId "425753"]
[BlackFideId "426202"]
[EventDate "2017.07.29"]

1. d4 d5 2. c4 c6 3. Nf3 Nf6 4. Qc2 dxc4 5. Qxc4 Bf5 6. g3 e6 7. Bg2 Nbd7 8. O-O
Be7 9. Nc3 O-O 10. Rd1 Ne4 11. e3 Qb6 12. b3 h6 13. Bb2 Rfd8 14. Qe2 Rac8 15.
Nd2 Nxd2 16. Rxd2 Nf6 17. e4 Bg6 18. Rc1 Bh5 19. Qc4 Qa5 20. a3 b5 21. Qd3 Bxa3
22. Ra1 b4 23. Nb1 e5 24. Nxa3 bxa3 25. Rxa3 Qb6 26. Qc4 Bg6 27. Bc3 Qb5 28. f3
exd4 29. Qxb5 cxb5 30. Bxd4 Rc6 31. e5 Nd5 32. Bxa7 Rc1+ 33. Bf1 Rb1 34. Kf2 Rc8
35. Bxb5 Nc3 36. Bc4 Nd1+ 37. Kg2 1-0

[Event "104th ch-GBR 2017"]
[Site "Llandudno WLS"]
[Date "2017.07.30"]
[Round "2.32"]
[White "Gaudeau, Valentin"]
[Black "Byron, Alan M"]
[Result "1-0"]
[WhiteElo "2170"]
[BlackElo "2064"]
[WhiteFideId "662216"]
[BlackFideId "401773"]
[EventDate "2017.07.29"]

1. d4 Nf6 2. c4 g6 3. Nc3 Bg7 4. e4 d6 5. Bd3 O-O 6. Nge2 c6 7. O-O e5 8. d5
cxd5 9. cxd5 a6 10. f3 Nbd7 11. Be3 Nh5 12. Kh1 f5 13. exf5 gxf5 14. g4 f4 15.
Bf2 Nhf6 16. Bh4 Nc5 17. g5 Ne8 18. Bxh7+ Kh8 19. b4 Nd7 20. Qc2 Qe7 21. Rae1
Nb6 22. Qd3 Bh3 23. Rg1 Rc8 24. Ne4 Qd7 25. Rc1 Rxc1 26. Rxc1 Nxd5 27. Qxd5 Kxh7
28. g6+ Kh8 29. Ng5 Nf6 30. Nf7+ Rxf7 31. Qxf7 Qxf7 32. gxf7 Nh7 33. Rc7 e4 34.
Nxf4 Bf5 35. fxe4 Bxe4+ 36. Kg1 Be5 37. Ne6 1-0

[Event "104th ch-GBR 2017"]
[Site "Llandudno WLS"]
[Date "2017.07.30"]
[Round "2.33"]
[White "Taylor, William J"]
[Black "Gayson, Peter M"]
[Result "0-1"]
[WhiteElo "2048"]
[BlackElo "2160"]
[WhiteFideId "423130"]
[BlackFideId "401838"]
[EventDate "2017.07.29"]

1. e4 c5 2. Nf3 e6 3. b3 a6 4. Bb2 d5 5. exd5 exd5 6. d4 Nf6 7. Bd3 Be7 8. O-O
O-O 9. Nbd2 Nc6 10. Re1 Bg4 11. h3 Bh5 12. dxc5 Bxc5 13. Nf1 Qb6 14. Bxf6 Bxf2+
15. Kh1 Bxe1 16. Bxh7+ Kxh7 17. Ng5+ Kh6 18. Bxg7+ Kxg7 19. Qxh5 Qf2 20. Nf3
Qxf1+ 21. Kh2 Bg3+ 22. Kxg3 Qxa1 23. Ng5 Qe5+ 24. Kg4 Qe2+ 25. Nf3 Qe4+ 0-1

[Event "104th ch-GBR 2017"]
[Site "Llandudno WLS"]
[Date "2017.07.30"]
[Round "2.34"]
[White "Moore, Graham J"]
[Black "Jayawarna, Nugith"]
[Result "1-0"]
[WhiteElo "2155"]
[BlackElo "2054"]
[WhiteFideId "441988"]
[BlackFideId "434884"]
[EventDate "2017.07.29"]

1. e4 c5 2. Nf3 e6 3. d4 cxd4 4. Nxd4 Nc6 5. Nc3 Qc7 6. g3 a6 7. Bg2 Nf6 8. O-O
Be7 9. Nb3 d6 10. f4 O-O 11. g4 Nd7 12. Qe2 Re8 13. Be3 b5 14. a3 Bb7 15. g5 Nb6
16. Rad1 Nc4 17. Bc1 N6a5 18. Rd3 g6 19. Qg4 Nxb3 20. cxb3 Nb6 21. Rh3 f5 22.
Qh4 Bf8 23. Be3 fxe4 24. Rc1 1-0

[Event "104th ch-GBR 2017"]
[Site "Llandudno WLS"]
[Date "2017.07.30"]
[Round "2.35"]
[White "Lentzos, Ioanis"]
[Black "Murphy, Conor E"]
[Result "0-1"]
[WhiteElo "2038"]
[BlackElo "2154"]
[WhiteFideId "4255470"]
[BlackFideId "421669"]
[EventDate "2017.07.29"]

1. d4 d5 2. c4 e6 3. Nc3 a6 4. cxd5 exd5 5. Bf4 c6 6. e3 Bd6 7. Bg3 Ne7 8. Bd3
Bf5 9. Nf3 O-O 10. O-O Re8 11. Na4 Bxg3 12. hxg3 Nd7 13. Rc1 Bxd3 14. Qxd3 Nc8
15. Nc5 Nd6 16. Nxd7 Qxd7 17. Ne5 Qe7 18. Qa3 h5 19. Nd3 g6 20. Rce1 Rad8 21.
Nc5 Kg7 22. Qd3 Qf6 23. Qe2 Re7 24. Qf3 Nf5 25. Rc1 Rh8 26. Rc3 g5 27. Rb3 b5
28. Rd1 g4 29. Qf4 Qg6 30. e4 dxe4 31. d5 Rd8 32. Nxe4 Rxd5 33. Rbd3 Nxg3 34.
Qxg3 Qxe4 35. Rxd5 cxd5 36. Qc3+ Qe5 37. Qc5 Rd7 38. Rd4 Rc7 39. f4 Qe1+ 0-1

[Event "104th ch-GBR 2017"]
[Site "Llandudno WLS"]
[Date "2017.07.30"]
[Round "2.36"]
[White "Coathup, Roger H"]
[Black "Humphreys, Jerry G"]
[Result "1-0"]
[WhiteElo "2151"]
[BlackElo "2041"]
[WhiteFideId "407062"]
[BlackFideId "408158"]
[EventDate "2017.07.29"]

1. c4 Nf6 2. g3 c5 3. Bg2 Nc6 4. Nf3 e6 5. O-O Be7 6. Nc3 a6 7. b3 d6 8. d4 cxd4
9. Nxd4 Bd7 10. Bb2 O-O 11. e4 Rb8 12. h3 Qa5 13. Nc2 b5 14. Ne3 Qb6 15. Re1 Na5
16. cxb5 axb5 17. g4 b4 18. Ne2 Bc6 19. Ng3 Nd7 20. Nd5 Bxd5 21. exd5 e5 22. Bc1
Rfc8 23. Be3 Qa6 24. Qd2 Bf8 25. Rac1 Qb5 26. Bf1 Qb7 27. g5 g6 28. h4 f5 29.
gxf6 Nxf6 30. Bg2 Qb5 31. Bh3 Re8 32. Be6+ Rxe6 33. dxe6 Nc6 34. Qe2 Qb7 35. Qf3
Be7 36. Qxc6 1-0

[Event "104th ch-GBR 2017"]
[Site "Llandudno WLS"]
[Date "2017.07.30"]
[Round "2.37"]
[White "Zhu, Richard"]
[Black "Moreby, James"]
[Result "1/2-1/2"]
[WhiteElo "2036"]
[BlackElo "2149"]
[WhiteFideId "426377"]
[BlackFideId "427756"]
[EventDate "2017.07.29"]

1. d4 d5 2. c4 c6 3. Nf3 Nf6 4. Qc2 g6 5. Bf4 Bg7 6. e3 O-O 7. Nc3 Nbd7 8. cxd5
Nxd5 9. Nxd5 cxd5 10. Bd3 Qa5+ 11. Qd2 Qb6 12. Rc1 f6 13. Bc7 Qe6 14. O-O b6 15.
a4 Bb7 16. Qb4 Nb8 17. Bxb8 Raxb8 18. Rc7 Kf7 19. e4 a5 20. exd5 Bxd5 21. Qb5
Rfc8 22. Rfc1 Rxc7 23. Rxc7 Kf8 24. Bc4 Bxc4 25. Rxc4 Rc8 26. Rxc8+ Qxc8 27. g3
Qc7 28. d5 f5 29. Kg2 h6 30. Nd2 Bd4 31. Nc4 Qc5 32. Qxc5 Bxc5 33. f4 Bd4 34.
Kf3 Kf7 35. h3 e6 36. d6 Ke8 37. Ke2 Kd7 38. Kd3 Bf2 39. g4 Bc5 40. Ne5+ Kxd6
41. Nxg6 fxg4 42. hxg4 Kd5 43. Nh4 e5 44. fxe5 Kxe5 45. Ng2 1/2-1/2

[Event "104th ch-GBR 2017"]
[Site "Llandudno WLS"]
[Date "2017.07.30"]
[Round "2.38"]
[White "Gallagher, Daniel GH"]
[Black "Cocks, Elliot"]
[Result "1/2-1/2"]
[WhiteElo "2147"]
[BlackElo "2036"]
[WhiteFideId "436550"]
[BlackFideId "444545"]
[EventDate "2017.07.29"]

1. e4 c5 2. Nc3 Nc6 3. Nf3 d6 4. d4 cxd4 5. Nxd4 Nf6 6. Bc4 g6 7. Nxc6 bxc6 8.
e5 Ng4 9. Bf4 d5 10. Nxd5 Be6 11. h3 Bg7 12. hxg4 cxd5 13. Bb3 O-O 14. Qe2 a5
15. a4 Qb6 16. O-O Qd4 17. Qe3 Qxe3 18. fxe3 Rac8 19. e4 dxe4 20. Bxe6 fxe6 21.
c3 Rc4 22. Bg5 1/2-1/2

[Event "104th ch-GBR 2017"]
[Site "Llandudno WLS"]
[Date "2017.07.30"]
[Round "2.39"]
[White "Hewson, Brian W R"]
[Black "Richardson, Alex"]
[Result "1/2-1/2"]
[WhiteElo "2023"]
[BlackElo "2147"]
[WhiteFideId "437484"]
[BlackFideId "408239"]
[EventDate "2017.07.29"]

1. d4 Nf6 2. Nf3 e6 3. c4 b6 4. g3 Ba6 5. Nbd2 d5 6. Bg2 Be7 7. O-O O-O 8. b3 c6
9. Bb2 Nbd7 10. Rc1 Rc8 11. Re1 c5 12. e4 Nxe4 13. Nxe4 dxe4 14. Rxe4 Bb7 15.
Re2 Bf6 16. dxc5 Bxb2 17. Rxb2 1/2-1/2

[Event "104th ch-GBR 2017"]
[Site "Llandudno WLS"]
[Date "2017.07.30"]
[Round "2.40"]
[White "Smith, Andrew Philip"]
[Black "Willson, Ollie"]
[Result "1-0"]
[WhiteTitle "FM"]
[WhiteElo "2146"]
[BlackElo "2032"]
[WhiteFideId "2500833"]
[BlackFideId "424714"]
[EventDate "2017.07.29"]

1. e4 c5 2. Nf3 d6 3. d4 cxd4 4. Nxd4 Nf6 5. Nc3 Nc6 6. Bg5 e6 7. Qd3 h6 8. Bxf6
gxf6 9. Rd1 a6 10. Be2 Rg8 11. O-O Qb6 12. Nxc6 bxc6 13. b3 Bb7 14. Bh5 Qc5 15.
Qh3 Be7 16. b4 Qg5 17. f4 Qg7 18. Rf2 Bc8 19. Qe3 Rb8 20. Qa7 Rxb4 21. Qc7 Bd7
22. a3 Rb2 23. Na4 Rb5 24. Nb6 Rxb6 25. Qxb6 d5 26. Qb8+ Bd8 27. exd5 cxd5 28.
Rxd5 exd5 29. Re2+ Be6 30. Rxe6+ Kd7 31. Qd6+ Kc8 32. Qxa6+ Kb8 33. Qb5+ Kc7 34.
Rc6+ Kd7 35. Qxd5+ Ke7 36. Qc5+ Ke8 37. Re6+ Kd7 38. Qc6# 1-0